Joint Venture Decision
Na minha lista:
| Autor principal: | |
|---|---|
| Formato: | Livro |
| Idioma: | inglês |
| Publicado em: |
Helsinki
Helsingin Kauppakorkeakoulun Kuvalaitos
1992
|
| Edição: | 1. ed. |
| Assuntos: | |
| Tags: |
Sem tags, seja o primeiro a adicionar uma tag!
|
MARC
| LEADER | 00000nam a2200000 4500 | ||
|---|---|---|---|
| 001 | c012588 | ||
| 005 | 20250515095024.3 | ||
| 020 | |a 951-702-092-9 | ||
| 041 | 0 | |a eng | |
| 044 | |a FI | ||
| 245 | 1 | 0 | |a Joint Venture Decision |c Urho Paakkunainen |
| 250 | |a 1. ed. | ||
| 264 | 1 | |a Helsinki |b Helsingin Kauppakorkeakoulun Kuvalaitos |c 1992 | |
| 300 | |a 121 s. | ||
| 610 | 2 | 0 | |a rozhodovanie |
| 610 | 2 | 0 | |a joint ventures |
| 610 | 2 | 0 | |a teória hier |
| 610 | 2 | 0 | |a stratégia hospodárska |
| 610 | 2 | 0 | |a informácie ekonomické |
| 610 | 2 | 0 | |a štúdie prípadové |
| 100 | 1 | |a Paakkunainen, Urho | |